Pop culture en images - P - Statistiques

Statistiques générales
  • Ce quiz a été pris 361 fois
  • Le résultat moyen est 8 sur 16
Statistiques - réponses
Par images Réponse % Correct
Pinocchio
97%
Peter Parker
93%
Panthère rose
92%
Po
89%
Pain
61%
Pekka
56%
Padmé Amidala
55%
Perry l'ornithorynque
55%
Ponyo
46%
Perceval
44%
Pochita
28%
Polnareff
24%
Paimon
21%
Captain Price
12%
Polly Gray
10%
Panam Palmer
9%
Aucun quiz correspondant
Distribution des résultats
% des personnes avec chaque résultat
Percentile par nombre de réponses
Votre historique - résultats
Vous n’avez pas pris ce quiz